[Event "Bob Wade mem Challengers 2"]
[Site "Howick"]
[Date "2023.01.18"]
[Round "6"]
[White "Tang, Tracy"]
[Black "Xu, Luna Yuexiu"]
[Result "0-1"]
[WhiteElo "1379"]
[BlackElo "1446"]
[PlyCount "158"]
[EventDate "2023.01.14"]
[EventType "tourn"]
[EventRounds "9"]
[EventCountry "NZL"]
[SourceTitle "EXT 2024"]
[Source "ChessBase"]
[SourceDate "2023.10.10"]
[SourceVersion "1"]
[SourceVersionDate "2023.10.10"]
[SourceQuality "1"]

1. d4 Nf6 2. Nf3 g6 3. c4 Bg7 4. Nc3 d6 5. e4 0-0 6. Be2 e5 7. d5 Nbd7 8. Be3 Ne8 9. Qd2 f5 10. Bh6 f4 11. Bxg7 Nxg7 12. 0-0-0 Nf6 13. g3 Ng4 14. Rdf1 Qf6 15. h3 Nh6 16. g4 Nf7 17. Ne1 h6 18. f3 Qe7 19. h4 a6 20. Rfg1 Bd7 21. Nc2 Kh8 22. Bd3 Rfb8 23. a4 Rf8 24. Ne2 Rfb8 25. g5 h5 26. Qa5 b6 27. Qc3 Bxa4 28. b3 Bd7 29. Kd2 b5 30. Ra1 c5 31. Ra5 b4 32. Qb2 Qd8 33. Rha1 Rb6 34. R1a2 Qc8 35. Qa1 Qb7 36. Ne1 Qa7 37. Bc2 Nd8 38. Rb2 Nb7 39. Raa2 a5 40. Nd3 Ra6 41. Rb1 a4 42. bxa4 Bxa4 43. Bxa4 Rxa4 44. Rxa4 Qxa4 45. Qxa4 Rxa4 46. Nec1 Ne8 47. Nb3 Na5 48. Nxa5 Rxa5 49. Rb3 Nc7 50. Kc2 Na8 51. Nb2 Nb6 52. Kb1 Na4 53. Nxa4 Rxa4 54. Kb2 Kg7 55. Rd3 Kf7 56. Rb3 Ke7 57. Rd3 Kd7 58. Rb3 Kc7 59. Rd3 Kb6 60. Rb3 Ka5 61. Rd3 Kb6 62. Rb3 Ra6 63. Rd3 Ka5 64. Kb3 Kb6 65. Kb2 Ra4 66. Rb3 Ka5 67. Rd3 b3 68. Kxb3 Rb4+ 69. Kc3 Ka4 70. Kc2 Rxc4+ 71. Kb2 Kb5 72. Ra3 Ra4 73. Rc3 c4 74. Kb1 Kb4 75. Rc2 c3 76. Ra2 Rxa2 77. Kxa2 Kc4 78. Ka1 Kd3 79. Kb1 Kd2 0-1

[Event "Bob Wade mem Challengers 2"]
[Site "Howick"]
[Date "2023.01.15"]
[Round "3"]
[White "Charmova, Evgenia"]
[Black "Tang, Tracy"]
[Result "1/2-1/2"]
[WhiteElo "1947"]
[BlackElo "1379"]
[PlyCount "73"]
[EventDate "2023.01.14"]
[EventType "tourn"]
[EventRounds "9"]
[EventCountry "NZL"]
[SourceTitle "EXT 2024"]
[Source "ChessBase"]
[SourceDate "2023.10.10"]
[SourceVersion "1"]
[SourceVersionDate "2023.10.10"]
[SourceQuality "1"]

1. e4 e6 2. d4 d5 3. e5 c5 4. c3 Nc6 5. Nf3 Qb6 6. a3 cxd4 7. cxd4 Nge7 8. Nc3 Nf5 9. Ne2 Bd7 10. g4 Nfe7 11. Ng3 f6 12. Bg2 fxe5 13. dxe5 Ng6 14. 0-0 Ncxe5 15. Nxe5 Nxe5 16. Re1 Bd6 17. Be3 Qd8 18. Bxd5 exd5 19. f4 Bxg4 20. Qa4+ Qd7 21. Qxd7+ Nxd7 22. Bc5+ Kf7 23. Bxd6 Rhe8 24. Kg2 Rac8 25. Rxe8 Rc2+ 26. Kg1 Kxe8 27. Re1+ Kf7 28. Re7+ Kf6 29. f5 Nb6 30. Rxb7 Rc1+ 31. Kf2 Rc2+ 32. Kg1 Rxb2 33. Rxa7 Rb1+ 34. Kf2 Rb2+ 35. Kg1 Rb1+ 36. Kg2 Rb2+ 37. Kg1 1/2-1/2

[Event "NZL-ch Major op"]
[Site "Tauranga"]
[Date "2020.01.19"]
[Round "6"]
[White "Garland, Mana"]
[Black "Tang, Tracy"]
[Result "0-1"]
[WhiteElo "1338"]
[BlackElo "1255"]
[PlyCount "76"]
[EventDate "2020.01.14"]
[EventType "swiss"]
[EventRounds "9"]
[EventCountry "NZL"]
[SourceTitle "EXT 2021"]
[Source "ChessBase"]
[SourceDate "2020.10.23"]
[SourceVersion "1"]
[SourceVersionDate "2020.10.23"]
[SourceQuality "1"]

1. e4 e6 2. Nf3 d5 3. exd5 exd5 4. d4 Bd6 5. Nc3 Ne7 6. Bd3 Nbc6 7. 0-0 Bg4 8. Be2 Qd7 9. Re1 0-0-0 10. a3 f6 11. b4 g5 12. Nb5 h5 13. Nxd6+ Qxd6 14. h3 Bf5 15. c4 g4 16. c5 Qd7 17. Nh4 gxh3 18. g3 Ng6 19. Nxf5 Qxf5 20. Bd3 Qd7 21. Bxg6 Rdg8 22. Bxh5 h2+ 23. Kh1 Qh3 24. Re8+ Nd8 25. Rxg8 Rxg8 26. Bf4 Ne6 27. Qf3 Nxd4 28. Qxd5 Rd8 29. Bd6 cxd6 30. Qxd4 Qxh5 31. cxd6 Qf3+ 32. Kxh2 Rh8+ 33. Qh4 Rxh4+ 34. gxh4 Qxf2+ 35. Kh3 Qe3+ 36. Kg4 Qd4+ 37. Kf5 Qxa1 38. Ke6 Qe5+ 0-1

[Event "NZL-ch U10/20"]
[Site "Tauranga"]
[Date "2020.01.19"]
[Round "5"]
[White "McDougall, Sylvia"]
[Black "Tang, Tracy"]
[Result "0-1"]
[WhiteElo "1253"]
[BlackElo "1319"]
[PlyCount "86"]
[EventDate "2020.01.15"]
[EventType "swiss"]
[EventRounds "6"]
[EventCountry "NZL"]
[SourceTitle "EXT 2023"]
[Source "ChessBase"]
[SourceDate "2022.10.05"]
[SourceVersion "1"]
[SourceVersionDate "2022.10.05"]
[SourceQuality "1"]

1. e4 e6 2. Nf3 d5 3. exd5 exd5 4. d4 Bd6 5. Nc3 Ne7 6. Bg5 f6 7. Be3 Bg4 8. h3 Bh5 9. Bb5+ c6 10. Ba4 Nd7 11. 0-0 Qc7 12. Re1 0-0-0 13. Bf4 Bxf4 14. Rxe7 g5 15. g4 Bg6 16. Ne2 Bd6 17. Re3 h5 18. Ng3 Bxg3 19. fxg3 Qxg3+ 20. Kf1 hxg4 21. Ke2 gxf3+ 22. Rxf3 Rde8+ 23. Kd2 Qg2+ 24. Kc3 Re2 25. Rf1 Bxc2 26. Bxc2 Rxh3+ 27. Bd3 Ree3 28. Rg1 Qe4 29. Rg4 Rxd3+ 30. Kc2 Rxd1+ 31. Rxe4 Rxa1 32. Re8+ Kc7 33. b3 Rxa2+ 34. Kd1 Rh1+ 35. Re1 Ra1+ 36. Kc2 Rhxe1 37. Kb2 Rh1 38. Kc2 Rhe1 39. Kb2 Rh1 40. b4 Raf1 41. Kb3 Rf3+ 42. Kc2 Rh2+ 43. Kd1 Rf1# 0-1

[Event "NZL-ch Major op"]
[Site "Tauranga"]
[Date "2020.01.18"]
[Round "5"]
[White "Tang, Tracy"]
[Black "Han, Allan"]
[Result "0-1"]
[WhiteElo "1255"]
[BlackElo "1373"]
[PlyCount "98"]
[EventDate "2020.01.14"]
[EventType "swiss"]
[EventRounds "9"]
[EventCountry "NZL"]
[SourceTitle "EXT 2021"]
[Source "ChessBase"]
[SourceDate "2020.10.23"]
[SourceVersion "1"]
[SourceVersionDate "2020.10.23"]
[SourceQuality "1"]

1. d4 Nf6 2. Nf3 g6 3. Bf4 Bg7 4. e3 d6 5. Nbd2 0-0 6. c3 Re8 7. Be2 Nbd7 8. 0-0 e5 9. Bg5 e4 10. Ne1 d5 11. c4 h6 12. Bh4 g5 13. Bg3 c6 14. Nc2 Nh7 15. cxd5 cxd5 16. f3 f5 17. fxe4 fxe4 18. Nb4 Nb6 19. Qb3 Be6 20. Bh5 Rf8 21. Nxe4 Nc4 22. Rxf8+ Bxf8 23. Nf2 Qb6 24. Nfd3 Nxe3 25. Ne5 Qxd4 26. Nf3 Qxb4 27. Qxe3 Bc5 28. Qxc5 Qxc5+ 29. Bf2 Qc7 30. Re1 Bf7 31. Bg4 Nf6 32. Ne5 Nxg4 33. Nxg4 Kg7 34. Bd4+ Kh7 35. Be5 Qb6+ 36. Kh1 d4 37. Rf1 Be6 38. Nf6+ Kg6 39. Re1 d3 40. Bc3 Bxa2 41. Re5 Qf2 42. h3 Qxf6 43. Ra5 Qe6 44. Re5 Qxe5 45. Bxe5 d2 46. Bc3 d1Q+ 47. Kh2 Qe2 48. Kh1 Bd5 49. Kg1 Qxg2# 0-1